| 000 | 00482nam a2200121Ia 4500 | ||
|---|---|---|---|
| 008 | 170221s9999 xx 000 0 und d | ||
| 100 | _aCory Baker | ||
| 245 | _aReal Estate Crowdfunding – Modern Trend or Restructured Investment Model?: Have the SEC’s Proposed Rules on Crowdfunding Created a Closed-market System? | ||
| 245 | _cCory Baker | ||
| 260 | _c2012 | ||
| 650 | _xBusiness | ||
| 856 | _uhttp://digitalcommons.pepperdine.edu/cgi/viewcontent.cgi?article=1136&context=jbel | ||
| 999 |
_c309693 _d309693 |
||